Īśvara Gupta o Bāṃlā sāhitya. (Record no. 69329)
[ view plain ]
| 000 -LEADER | |
|---|---|
| fixed length control field | 00617cam a22002291 4500 |
| 001 - CONTROL NUMBER | |
| control field | sa 66004295 |
| 003 - CONTROL NUMBER IDENTIFIER | |
| control field | DLC |
| 005 - DATE AND TIME OF LATEST TRANSACTION | |
| control field | 20260227112241.0 |
| 008 - FIXED-LENGTH DATA ELEMENTS--GENERAL INFORMATION | |
| fixed length control field | 890615s1964 ii ch b 000 0 beno |
| 010 ## - LIBRARY OF CONGRESS CONTROL NUMBER | |
| LC control number | sa 66004295 |
| 035 ## - SYSTEM CONTROL NUMBER | |
| System control number | (OCoLC)19878430 |
| 040 ## - CATALOGING SOURCE | |
| Original cataloging agency | DLC |
| Transcribing agency | WaU |
| Modifying agency | DLC |
| 042 ## - AUTHENTICATION CODE | |
| Authentication code | premarc |
| 050 00 - LIBRARY OF CONGRESS CALL NUMBER | |
| Classification number | PK1718.I93 |
| Item number | Z58 |
| 100 1# - MAIN ENTRY--PERSONAL NAME | |
| Personal name | Basu, Sanjib Kumar, |
| Dates associated with a name | 1931- |
| 245 10 - TITLE STATEMENT | |
| Title | Īśvara Gupta o Bāṃlā sāhitya. |
| 260 ## - PUBLICATION, DISTRIBUTION, ETC. | |
| Date of publication, distribution, etc. | [1964] |
| 300 ## - PHYSICAL DESCRIPTION | |
| Extent | 13, 136 p. |
| Other physical details | facsims., port. |
| Dimensions | 23 cm. |
| 500 ## - GENERAL NOTE | |
| General note | In Bengali. |
| 504 ## - BIBLIOGRAPHY, ETC. NOTE | |
| Bibliography, etc. note | Bibliographical footnotes. |
| 600 00 - SUBJECT ADDED ENTRY--PERSONAL NAME | |
| Personal name | Īśvaracandra Gupta, |
| Dates associated with a name | 1812-1859. |
No items available.